Software for numerical mathematics : proceedings of the Loughborough University of Technology Conference of the Institute of Mathematics and Its Applications held in April 1973 /
Guardado en:
| Autores Corporativos: | , |
|---|---|
| Otros Autores: | |
| Formato: | Libro |
| Idioma: | English |
| Publicado: |
London :
Academic Press,
1974.
|
| Materias: | |
| Etiquetas: |
Agregar Etiqueta
Sin Etiquetas, Sea el primero en etiquetar este registro!
|
| LEADER | 01091cam a22002535a 4500 | ||
|---|---|---|---|
| 001 | EIQ.libpla000242 | ||
| 008 | 741025s1974####enk######b####101#0#eng#d | ||
| 005 | 20060511141456.0 | ||
| 245 | 1 | 0 | |a Software for numerical mathematics : |b proceedings of the Loughborough University of Technology Conference of the Institute of Mathematics and Its Applications held in April 1973 / |c edited by D. J. Evans. |
| 260 | |a London : |b Academic Press, |c 1974. | ||
| 300 | |a xi, 451 p. ; |c 24 cm. | ||
| 504 | |a Incluye bibliografía e índice. | ||
| 020 | |a 0122437500 | ||
| 111 | 2 | |a Software for numerical mathematics conference |d (1973 : |c Loughborough University of Technology) | |
| 700 | 1 | |a Evans, David J., |e ed. |4 edt | |
| 710 | 2 | |a Institute of Mathematics and its Applications. | |
| 082 | 0 | 0 | |a 519.4 |
| 650 | 4 | |a Análisis numérico |x Congresos. | |
| 650 | 4 | |a Análisis numérico |x Procesamiento de datos. | |
| 650 | 4 | |a Numerical analysis |x Congresses. | |
| 650 | 4 | |a Numerical analysis |x Data processing. | |
| 010 | |a 73018998 | ||
| 040 | |a DLC |c DLC |d AR-BbSID | ||
| 859 | |a AR-BbSID |b BIB. PLAPIQUI |h 511.7 |i E 15 |p 2101 | ||
